[Event "Vereinsmeisterschaft 2017/18"]
[Site "?"]
[Date "2017.10.05"]
[Round "1"]
[White "Multhauf, Stefan"]
[Black "Schmitz, Andreas"]
[Result "1/2-1/2"]
[WhiteElo "1647"]
[BlackElo "1910"]
[PlyCount "29"]
[SourceVersionDate "2013.08.16"]

1. d4 d5 2. Bf4 Nf6 3. e3 e6 4. Nd2 c5 5. c3 Nc6 6. Bd3 Bd6 7. Bg3 c4 8. Bc2 b5
9. e4 Bxg3 10. hxg3 dxe4 11. Nxe4 Bb7 12. Nc5 Qc7 13. Nxb7 Qxb7 14. Qf3 Rb8 15.
Ne2 1/2-1/2

[Event "Vereinsmeisterschaft 2017/18"]
[Site "?"]
[Date "2017.10.05"]
[Round "1"]
[White "Sockel, Karl-Heinz"]
[Black "Balduan, Karl-Heinz"]
[Result "1/2-1/2"]
[WhiteElo "1903"]
[BlackElo "1553"]
[PlyCount "63"]
[SourceVersionDate "2013.08.16"]

1. c4 c5 2. g3 e5 3. Bg2 Nc6 4. Nc3 b6 5. d3 Bb7 6. e4 Be7 7. Nge2 Nd4 8. Be3
h6 9. Qd2 Nf6 10. h3 d6 11. O-O Nh7 12. f4 O-O 13. Rf2 Bc8 14. Raf1 Bd7 15. Kh2
a6 16. Nd5 Nf6 17. Nec3 b5 18. fxe5 Nxd5 19. Nxd5 dxe5 20. b3 Rb8 21. g4 Bh4
22. Bxd4 cxd4 23. Re2 Re8 24. c5 Rc8 25. b4 Rc6 26. Qd1 Rg6 27. Rc2 Bc6 28. Qf3
f6 29. Rb1 Kh7 30. Bf1 Rg5 31. Be2 Rf8 32. Rg1 1/2-1/2

[Event "Vereinsmeisterschaft 2017/18"]
[Site "?"]
[Date "2017.10.05"]
[Round "1"]
[White "Milz, Ulrich"]
[Black "Wirtz, Frank"]
[Result "0-1"]
[WhiteElo "1448"]
[BlackElo "1887"]
[PlyCount "74"]
[SourceVersionDate "2013.08.16"]

1. e4 d6 2. Bc4 Nf6 3. d3 g6 4. h3 Nc6 5. a3 Bg7 6. Bd2 O-O 7. Bc3 e5 8. Nf3
Nh5 9. Bd2 Nf4 10. Bxf4 exf4 11. Nc3 a6 12. Qd2 g5 13. h4 h6 14. hxg5 hxg5 15.
Rh5 Bg4 16. Rxg5 Bxf3 17. Rxg7+ Kxg7 18. gxf3 Qg5 19. O-O-O Ne5 20. Ne2 Nxf3
21. Qc3+ Qf6 22. Nxf4 Qxc3 23. bxc3 Rh8 24. Ne2 Rh2 25. Rf1 Rah8 26. Ng3 Kf6
27. d4 Re8 28. Bd5 Ng5 29. Bxb7 a5 30. Bc6 Rg8 31. f4 Nh3 32. e5+ dxe5 33.
fxe5+ Ke7 34. Nf5+ Kf8 35. Nh6 Rg1 36. Rxg1 Nxg1 37. Bd5 Rxh6 0-1

[Event "Vereinsmeisterschaft 2017/18"]
[Site "?"]
[Date "2017.10.05"]
[Round "1"]
[White "Asadov, Vasif"]
[Black "Birnkott, Manfred"]
[Result "0-1"]
[WhiteElo "1384"]
[BlackElo "1829"]
[PlyCount "82"]
[SourceVersionDate "2013.08.16"]

1. d4 c5 2. Nf3 cxd4 3. Nxd4 e5 4. Nf3 Nf6 5. Nc3 Nc6 6. Bg5 Be7 7. e3 O-O 8.
h3 Re8 9. a3 e4 10. Nd2 d5 11. Nb3 Be6 12. Nd4 a6 13. Be2 Qd7 14. O-O Rad8 15.
f4 Nxd4 16. exd4 h6 17. Bh4 Nh7 18. Qe1 Nf8 19. Qf2 f5 20. Nd1 Ng6 21. Bg3 Bf7
22. Ne3 Bf6 23. Rad1 Ne7 24. b3 b5 25. Bh4 Qd6 26. Bxf6 Qxf6 27. c3 Rc8 28. Rc1
Rc7 29. Rc2 Rec8 30. Rfc1 Kh7 31. Kh2 Be8 32. h4 a5 33. g3 b4 34. axb4 axb4 35.
cxb4 Rxc2 36. Rxc2 Rb8 37. Rd2 Rxb4 38. Qe1 Rxd4 39. Ra2 Qb6 40. Rb2 Rb4 41.
Bd1 d4 0-1

[Event "Vereinsmeisterschaft 2017/18"]
[Site "?"]
[Date "2017.10.05"]
[Round "1"]
[White "Hoffmann, Frank"]
[Black "Nölle, Michael"]
[Result "1-0"]
[WhiteElo "1796"]
[BlackElo "1321"]
[PlyCount "71"]
[SourceVersionDate "2013.08.16"]

1. e4 c5 2. Nc3 e6 3. d3 Nc6 4. g3 Nf6 5. Bg2 d5 6. Bg5 d4 7. Nce2 e5 8. f4 h6
9. Bxf6 Qxf6 10. Nf3 Bd6 11. fxe5 Nxe5 12. O-O Qg6 13. Nxe5 Bxe5 14. Nf4 Qg5
15. Qf3 Bg4 16. Qf2 O-O 17. a4 a5 18. b3 b6 19. Nd5 Rab8 20. Rae1 Be6 21. Nf4
Bd7 22. Nh3 Qh5 23. Nf4 Qg5 24. h4 Qf6 25. Qe2 Qd6 26. Qf3 g6 27. Kh2 Bc6 28.
Bh3 Kh7 29. h5 Kh8 30. Qg4 g5 31. Ne2 Rbd8 32. Qf3 f6 33. Qf5 Rg8 34. Qe6 Bxg3+
35. Nxg3 Qd7 36. Qxf6+ 1-0

[Event "Vereinsmeisterschaft 2017/18"]
[Site "?"]
[Date "2017.10.05"]
[Round "1"]
[White "Weißenfels, Siegfried"]
[Black "Blomeyer, Peter"]
[Result "0-1"]
[WhiteElo "1327"]
[BlackElo "1794"]
[PlyCount "120"]
[SourceVersionDate "2013.08.16"]

1. e4 d6 2. d4 Nf6 3. Nc3 e5 4. dxe5 dxe5 5. Qxd8+ Kxd8 6. Nf3 Bd6 7. Bg5 Be6
8. O-O-O Ke7 9. h3 a6 10. Bxf6+ Kxf6 11. Nd5+ Bxd5 12. exd5 Ke7 13. Bd3 g6 14.
Rhe1 Nd7 15. g4 f6 16. Nd4 Kf7 17. Ne6 b5 18. c4 Rab8 19. Rf1 h5 20. f3 Nc5 21.
Nxc5 Bxc5 22. b3 b4 23. Kd2 hxg4 24. hxg4 Rh2+ 25. Be2 Rbh8 26. Kd3 f5 27. Rd2
R8h3 28. Bd1 Kf6 29. Rxh2 Rxh2 30. Be2 Kg5 31. gxf5 gxf5 32. Rd1 Kf4 33. Rf1
Rh3 34. Kd2 Bd4 35. Kd3 Bb6 36. Kd2 Bc5 37. Bd1 Be3+ 38. Kd3 Rh2 39. Be2 Bc5
40. Kd2 Kg3 41. Kd3 Kg2 42. Kd2 Rh3 43. Kc2 Bd4 44. Kd3 Rh4 45. Kd2 Bf2 46. Kd3
Rd4+ 47. Kc2 e4 48. fxe4 Rxe4 49. Kd2 Rd4+ 50. Kc2 f4 51. Rd1 f3 52. Bf1+ Kg1
53. Bd3+ Kh2 54. Kd2 Rh4 55. Bf1 Kg3 56. Bd3 Bd4 57. Kc2 Be3 58. Bf1 Rh2+ 59.
Kd3 Kf4 60. Re1 Rd2# 0-1

[Event "Vereinsmeisterschaft 2017/18"]
[Site "?"]
[Date "2017.10.05"]
[Round "1"]
[White "Röttgers, Roland"]
[Black "Mizich, Vadim"]
[Result "1-0"]
[WhiteElo "1742"]
[BlackElo "1310"]
[PlyCount "55"]
[SourceVersionDate "2013.08.16"]

1. Nf3 d5 2. c4 Nf6 3. cxd5 Qxd5 4. Nc3 Qd8 5. g3 Nc6 6. Bg2 b6 7. Ne5 Nxe5 8.
Bxa8 Bh3 9. Qa4+ Nfd7 10. Qxa7 e6 11. f4 Ng4 12. Nb5 Bd6 13. Nxd6+ cxd6 14. Bc6
Ngf6 15. Qa3 d5 16. d3 Ng8 17. Be3 Ne7 18. Bxd7+ Qxd7 19. Qa8+ Nc8 20. Qa3 Qb7
21. Kd2 Bg4 22. h3 Bh5 23. Rac1 Ne7 24. Qa4+ b5 25. Qa7 Qxa7 26. Bxa7 O-O 27.
Bc5 Re8 28. Bxe7 1-0

[Event "Vereinsmeisterschaft 2017/18"]
[Site "?"]
[Date "2017.10.05"]
[Round "1"]
[White "Nölle, Lisa"]
[Black "Friedsam, Manfred"]
[Result "0-1"]
[WhiteElo "865"]
[BlackElo "1732"]
[PlyCount "36"]
[SourceVersionDate "2013.08.16"]

1. d4 e6 2. Nc3 d5 3. Bf4 Bd7 4. Qd2 c5 5. e3 Nf6 6. f3 Be7 7. g4 c4 8. h4 b5
9. O-O-O b4 10. Nb1 Nc6 11. Ne2 Qa5 12. e4 dxe4 13. fxe4 Nxe4 14. Qe3 Nf6 15.
Bh3 Nd5 16. Qf2 c3 17. Nbxc3 bxc3 18. Nxc3 Nxc3 0-1

[Event "Vereinsmeisterschaft 2017/18"]
[Site "?"]
[Date "2017.11.09"]
[Round "2"]
[White "Wirtz, Frank"]
[Black "Blomeyer, Peter"]
[Result "1-0"]
[WhiteElo "1887"]
[BlackElo "1794"]
[PlyCount "65"]
[SourceVersionDate "2013.08.16"]

1. Nf3 c5 2. c4 g6 3. Nc3 Nc6 4. g3 Bg7 5. Bg2 Nf6 6. e4 d6 7. d3 O-O 8. h3 Rb8
9. Be3 a6 10. Rc1 Bd7 11. Qd2 Re8 12. O-O b5 13. b3 bxc4 14. dxc4 Qa5 15. Bh6
Bh8 16. Ng5 Bg7 17. Bxg7 Kxg7 18. f4 Nd4 19. g4 Ng8 20. e5 f5 21. exf6+ Nxf6
22. Nf3 Ne6 23. Qc2 Nc7 24. Ng5 h5 25. gxh5 Nxh5 26. Nce4 Bf5 27. Rcd1 Qb6 28.
Qc3+ Kg8 29. Kh2 Ng7 30. Ng3 Bd7 31. Rfe1 Nf5 32. Qd3 Kg7 33. Bd5 {Zeit} 1-0

[Event "Vereinsmeisterschaft 2017/18"]
[Site "?"]
[Date "2017.11.09"]
[Round "2"]
[White "Friedsam, Manfred"]
[Black "Wirtz, Uwe"]
[Result "1/2-1/2"]
[WhiteElo "1732"]
[BlackElo "1861"]
[PlyCount "22"]
[SourceVersionDate "2013.08.16"]

1. e4 Nf6 2. e5 Nd5 3. d4 d6 4. exd6 exd6 5. c3 Be7 6. Bd3 Be6 7. Ne2 O-O 8.
Nf4 Nxf4 9. Bxf4 h6 10. Qf3 d5 11. Qg3 Bh4 1/2-1/2

[Event "Vereinsmeisterschaft 2017/18"]
[Site "?"]
[Date "2017.11.09"]
[Round "2"]
[White "Birnkott, Manfred"]
[Black "Röttgers, Roland"]
[Result "1-0"]
[WhiteElo "1823"]
[BlackElo "1742"]
[PlyCount "107"]
[SourceVersionDate "2013.08.16"]

1. e4 c5 2. Nf3 e6 3. d4 cxd4 4. Nxd4 Nc6 5. Be3 a6 6. Be2 Nf6 7. Nc3 Bb4 8. f3
Qa5 9. Qd2 Bxc3 10. bxc3 d5 11. Nxc6 bxc6 12. O-O dxe4 13. Bd4 e5 14. Qg5 Rg8
15. Qxe5+ Qxe5 16. Bxe5 Ke7 17. fxe4 Nxe4 18. Bd3 Nc5 19. Bxh7 Rh8 20. Bd3 f6
21. Bg3 Nxd3 22. cxd3 Be6 23. a4 Rhd8 24. d4 Rac8 25. Rab1 c5 26. Rfe1 cxd4 27.
Rb6 dxc3 28. Rbxe6+ Kf8 29. Bf4 Rd4 30. Bc1 Rxa4 31. R6e2 Rc5 32. Rc2 Kf7 33.
Re3 Rac4 34. Kf2 f5 35. Ba3 Rc6 36. Ke2 g5 37. Kd3 a5 38. Re5 Kf6 39. Rxa5 Rh4
40. g3 Rhc4 41. Rb5 g4 42. Bb4 f4 43. Rxc3 Rxc3+ 44. Bxc3+ Ke7 45. gxf4 Rh6 46.
Rg5 Rh3+ 47. Kc4 Rxh2 48. Rxg4 Rf2 49. Be5 Ke6 50. Rg6+ Ke7 51. Kd5 Kf7 52.
Rg7+ Kf8 53. Rb7 Rf1 54. Ke6 1-0

[Event "Vereinsmeisterschaft 2017/18"]
[Site "?"]
[Date "2017.11.09"]
[Round "2"]
[White "Schmitz, Andreas"]
[Black "Sockel, Karl-Heinz"]
[Result "1/2-1/2"]
[WhiteElo "1910"]
[BlackElo "1903"]
[PlyCount "28"]
[SourceVersionDate "2013.08.16"]

1. Nf3 d6 2. d4 Nf6 3. Bf4 Nbd7 4. Nbd2 c6 5. e4 Qa5 6. c3 Nh5 7. Bg3 Nxg3 8.
hxg3 e5 9. Nc4 Qc7 10. Qb3 Be7 11. Nh4 g6 12. f4 exf4 13. gxf4 d5 14. Ne5 Nxe5
1/2-1/2

[Event "Vereinsmeisterschaft 2017/18"]
[Site "?"]
[Date "2017.11.09"]
[Round "2"]
[White "Balduan, Karl-Heinz"]
[Black "Multhauf, Stefan"]
[Result "0-1"]
[WhiteElo "1553"]
[BlackElo "1647"]
[PlyCount "52"]
[SourceVersionDate "2013.08.16"]

1. d4 d5 2. Bf4 Nc6 3. Nf3 Bg4 4. Ne5 Nxe5 5. dxe5 e6 6. h3 Bf5 7. e3 c6 8. Bd3
Bg6 9. h4 Bb4+ 10. c3 Bxd3 11. Qxd3 Ba5 12. Nd2 Ne7 13. h5 Bc7 14. Nf3 h6 15.
g4 Qd7 16. Bg3 O-O-O 17. b4 f5 18. g5 hxg5 19. Nxg5 Ng6 20. f4 Qe7 21. Ke2 Nxe5
22. Qd4 Nc4 23. Qc5 Qf6 24. Qd4 e5 25. fxe5 Qxg5 26. Bf4 Qg2+ 0-1

[Event "Vereinsmeisterschaft 2017/18"]
[Site "?"]
[Date "2017.11.09"]
[Round "2"]
[White "Nölle, Michael"]
[Black "Düster, Frank"]
[Result "0-1"]
[WhiteElo "1321"]
[BlackElo "1725"]
[PlyCount "93"]
[SourceVersionDate "2013.08.16"]

1. d4 Nf6 2. c4 e6 3. Nc3 Bb4 4. Bd2 b6 5. a3 Bxc3 6. Bxc3 Bb7 7. f3 c5 8. e4
d6 9. Bd3 Nbd7 10. Ne2 e5 11. d5 O-O 12. O-O Nh5 13. f4 Qe7 14. fxe5 Nxe5 15.
Bxe5 dxe5 16. Nc3 Nf6 17. Qf3 Ne8 18. Qg3 Ba6 19. Rf5 f6 20. Raf1 Nd6 21. Rh5
Bxc4 22. Qh3 Bxd3 23. Rxh7 Qe8 24. Rh8+ Kf7 25. Rxf8+ Qxf8 26. Qxd3 Qh8 27. Nb5
Ke7 28. Nxd6 Kxd6 29. Qa6 Qc8 30. Qa4 a6 31. b4 c4 32. Rf3 b5 33. Qa5 Rb8 34.
Rg3 c3 35. Rxc3 Qxc3 36. Qxa6+ Kd7 37. Qe6+ Kd8 38. Qg8+ Kc7 39. Qxg7+ Kc8 40.
Qxf6 Qe1+ 41. Qf1 Qxe4 42. Qc1+ Kd8 43. Qg5+ Kd7 44. h4 Rc8 45. h5 Qf4 46. Qxf4
exf4 47. Kf2 0-1

[Event "Vereinsmeisterschaft 2017/18"]
[Site "?"]
[Date "2017.11.09"]
[Round "2"]
[White "Weißenfels, Siegfried"]
[Black "Milz, Ulrich"]
[Result "1-0"]
[WhiteElo "1327"]
[BlackElo "1448"]
[PlyCount "111"]
[SourceVersionDate "2013.08.16"]

1. e4 e6 2. Nf3 b6 3. d4 Bb7 4. Bd3 Nc6 5. c3 h6 6. d5 Nce7 7. c4 c6 8. dxc6
Nxc6 9. b3 Be7 10. Bb2 Bf6 11. Qd2 Bxb2 12. Qxb2 Qf6 13. Qc3 Qxc3+ 14. Nxc3 a6
15. O-O Rb8 16. a3 Nge7 17. b4 Ng6 18. b5 Nce5 19. Nxe5 Nxe5 20. Be2 O-O 21. f4
Ng6 22. Rad1 Rfd8 23. Rd6 Bc8 24. g3 axb5 25. Nxb5 Bb7 26. Bf3 Bc6 27. Rfd1
Bxb5 28. cxb5 Rb7 29. e5 Ra7 30. R1d3 Ne7 31. Rxb6 Nd5 32. Bxd5 exd5 33. Rd6
Ra5 34. R6xd5 Rb8 35. Rb3 Rb7 36. Kf2 Kf8 37. Ke3 Ke7 38. Kd3 Ke6 39. Rd6+ Ke7
40. b6 f6 41. Ke4 fxe5 42. fxe5 Rc5 43. a4 Rc4+ 44. Rd4 Rc5 45. Rbb4 Ke6 46.
Rd6+ Ke7 47. Rd5 Rc8 48. a5 Ra8 49. Rdb5 Ke6 50. Ra4 Ra6 51. Rc4 Ra8 52. Rc7
Rbb8 53. b7 Ra7 54. Rb6+ Ke7 55. a6 Kd8 56. Rc3 1-0

[Event "Vereinsmeisterschaft 2017/18"]
[Site "?"]
[Date "2017.11.09"]
[Round "2"]
[White "Mizich, Vadim"]
[Black "Asadov, Vasif"]
[Result "1/2-1/2"]
[WhiteElo "1310"]
[BlackElo "1384"]
[PlyCount "28"]
[SourceVersionDate "2013.08.16"]

1. e4 e6 2. d4 d5 3. e5 c5 4. c3 Nc6 5. Bb5 Qb6 6. Bxc6+ bxc6 7. Nf3 Ba6 8. b3
cxd4 9. cxd4 Rc8 10. a3 c5 11. Be3 Nh6 12. Bxh6 gxh6 13. Ra2 Bg7 14. b4 cxd4
1/2-1/2

[Event "Vereinsmeisterschaft 2017/18"]
[Site "?"]
[Date "2017.12.07"]
[Round "3"]
[White "Birnkott, Manfred"]
[Black "Wirtz, Frank"]
[Result "1/2-1/2"]
[WhiteElo "1829"]
[BlackElo "1887"]
[PlyCount "24"]
[SourceVersionDate "2013.08.16"]

1. e4 g6 2. d4 Bg7 3. Be3 d6 4. Nc3 Nf6 5. Be2 O-O 6. h3 c6 7. Qd2 b5 8. a3 a5
9. Bf3 Ba6 10. Nge2 Qc7 11. O-O Nbd7 12. Na2 Rad8 1/2-1/2

[Event "Vereinsmeisterschaft 2017/18"]
[Site "?"]
[Date "2017.12.07"]
[Round "3"]
[White "Multhauf, Stefan"]
[Black "Sockel , Karl-Heinz"]
[Result "1/2-1/2"]
[WhiteElo "1641"]
[BlackElo "1903"]
[PlyCount "43"]
[SourceVersionDate "2013.08.16"]

1. d4 d6 2. Bf4 f5 3. f3 Nf6 4. e4 c6 5. Bd3 Na6 6. exf5 Bxf5 7. c3 Bxd3 8.
Qxd3 Qb6 9. Qe2 O-O-O 10. Qe6+ Kb8 11. Qb3 Qxb3 12. axb3 Nh5 13. Bg5 h6 14. Be3
e5 15. Ne2 g5 16. Nd2 Bg7 17. dxe5 Bxe5 18. Nc4 Rhe8 19. Kd2 Nf4 20. Nxf4 Bxf4
21. Bxf4 gxf4 22. Rhe1 1/2-1/2

[Event "Vereinsmeisterschaft 2017/18"]
[Site "?"]
[Date "2017.12.07"]
[Round "3"]
[White "Düster, Frank"]
[Black "Schmitz, Andreas"]
[Result "0-1"]
[WhiteElo "1725"]
[BlackElo "1910"]
[PlyCount "68"]
[SourceVersionDate "2013.08.16"]

1. e4 c5 2. Nf3 Nc6 3. Bb5 e6 4. c3 a6 5. Bxc6 bxc6 6. d4 d5 7. e5 cxd4 8. cxd4
Qb6 9. Nc3 a5 10. O-O Ba6 11. Na4 Qc7 12. Re1 Ne7 13. Qc2 Ng6 14. h4 h5 15. Bg5
Be7 16. Rac1 Rc8 17. Re3 Bxg5 18. Nxg5 Nxh4 19. Nc5 Bb7 20. Rc3 Ba8 21. g3 Nf5
22. Qd3 Qe7 23. Nh3 g5 24. Ra3 g4 25. Nf4 h4 26. Rxa5 hxg3 27. fxg3 Qg5 28. Rc3
Qh6 29. Ng2 Nxd4 30. Qxd4 Qh1+ 31. Kf2 Rh2 32. Qxg4 Qxg2+ 33. Ke3 Qf2+ 34. Kd3
Qd2# 0-1

[Event "Vereinsmeisterschaft 2017/18"]
[Site "?"]
[Date "2017.12.07"]
[Round "3"]
[White "Blomeyer, Peter"]
[Black "Nölle, Lisa"]
[Result "1-0"]
[WhiteElo "1794"]
[BlackElo "865"]
[PlyCount "46"]
[SourceVersionDate "2013.08.16"]

1. c4 e5 2. Nc3 Nc6 3. g3 d6 4. Bg2 Bd7 5. d3 Nf6 6. Nf3 h6 7. Rb1 a5 8. a3 b6
9. b4 Rb8 10. O-O Be7 11. e3 Qc8 12. Re1 Bf5 13. Rb2 O-O 14. d4 e4 15. Nd2 Bh3
16. Ndxe4 Bxg2 17. Kxg2 Nxe4 18. Nxe4 f5 19. Nc3 Nd8 20. Nd5 Qb7 21. bxa5 Qc6
22. Qf3 Qd7 23. axb6 cxb6 1-0

[Event "Vereinsmeisterschaft 2017/18"]
[Site "?"]
[Date "2017.12.07"]
[Round "3"]
[White "Röttgers, Roland"]
[Black "Weißenfels, Siegfried"]
[Result "1-0"]
[WhiteElo "1742"]
[BlackElo "1327"]
[PlyCount "115"]
[SourceVersionDate "2013.08.16"]

1. Nf3 d5 2. c4 Nf6 3. cxd5 Nxd5 4. e4 Nb6 5. d4 c6 6. Be2 Bg4 7. Nc3 e6 8. O-O
Be7 9. Be3 O-O 10. Qc2 Bxf3 11. Bxf3 Nc4 12. Rad1 Nxe3 13. fxe3 Bg5 14. Qe2 Qe7
15. e5 f5 16. exf6 Rxf6 17. Ne4 Rf8 18. Bg4 Bf6 19. Qc4 Kh8 20. Qxe6 Qxe6 21.
Bxe6 Na6 22. Nxf6 Rxf6 23. Rxf6 gxf6 24. Bc4 Nc7 25. Rf1 Kg7 26. Rf3 Nd5 27. e4
Ne7 28. Rg3+ Ng6 29. d5 Rd8 30. Kf2 cxd5 31. Bxd5 b6 32. Ke3 Re8 33. Kd4 Rc8
34. Rc3 Ne7 35. Rxc8 Nxc8 36. a4 Nd6 37. Be6 Kf8 38. Kd5 Ke7 39. b3 h6 40. Bf5
Nb7 41. e5 fxe5 42. Kxe5 Nc5 43. Bc2 Ne6 44. Bd3 a5 45. Bc4 Ng7 46. g4 h5 47.
h3 h4 48. Bd5 Ne8 49. Kf5 Nf6 50. Bf3 Kf7 51. g5 Nd7 52. Bd5+ Kg7 53. Kg4 Ne5+
54. Kxh4 Ng6+ 55. Kg4 Ne5+ 56. Kf5 Ng6 57. Bc4 Nh4+ 58. Ke6 1-0

[Event "Vereinsmeisterschaft 2017/18"]
[Site "?"]
[Date "2017.12.07"]
[Round "3"]
[White "Asadov, Vasif"]
[Black "Balduan, Karl-Heinz"]
[Result "1/2-1/2"]
[WhiteElo "1384"]
[BlackElo "1553"]
[PlyCount "47"]
[SourceVersionDate "2013.08.16"]

1. d4 d5 2. c4 c6 3. Nc3 dxc4 4. e4 b5 5. Nf3 e6 6. d5 cxd5 7. exd5 b4 8. dxe6
bxc3 9. exf7+ Ke7 10. Qxd8+ Kxd8 11. fxg8=Q Rxg8 12. Bxc4 cxb2 13. Bxb2 Bb4+
14. Kf1 Re8 15. Bd5 Nd7 16. Bxa8 Nc5 17. g3 Bh3+ 18. Kg1 Kc7 19. Bd5 Nd3 20.
Bd4 h6 21. Be3 Rxe3 22. Nd4 Re1+ 23. Rxe1 Bxe1 24. Bg2 1/2-1/2

[Event "Vereinsmeisterschaft 2017/18"]
[Site "?"]
[Date "2017.12.07"]
[Round "3"]
[White "Milz, Ulrich"]
[Black "Mizich, Vadim"]
[Result "0-1"]
[WhiteElo "1448"]
[BlackElo "1310"]
[PlyCount "110"]
[SourceVersionDate "2013.08.16"]

1. e4 e5 2. Bc4 Nf6 3. d3 d5 4. exd5 Nxd5 5. a3 Nc6 6. h3 Bc5 7. Nf3 Be6 8. Qe2
Bd6 9. Ng5 Qf6 10. Nxe6 fxe6 11. Bb5 Nf4 12. Bxc6+ bxc6 13. Qf3 Kd7 14. Nc3 Nd5
15. Qxf6 Nxf6 16. O-O Rhf8 17. b4 c5 18. b5 Nd5 19. Ne4 Nf4 20. Be3 Ne2+ 21.
Kh1 Nd4 22. c3 Nc2 23. Rac1 Nxe3 24. fxe3 a6 25. a4 axb5 26. axb5 Ra5 27. Rxf8
Bxf8 28. Rf1 Ke8 29. Ng5 Ra3 30. Nxe6 Bd6 31. Nxg7+ Kd8 32. Nf5 Rxc3 33. d4 Rb3
34. dxe5 Bxe5 35. Rd1+ Kc8 36. g4 Rxb5 37. Rd5 Bd6 38. Nxd6+ cxd6 39. Rxd6 Rb7
40. e4 c4 41. Rd1 Re7 42. Re1 Kc7 43. Kg2 Kd6 44. Kf3 Ke5 45. Ke3 Rd7 46. Kf2
c3 47. Re2 Rd3 48. h4 Rh3 49. Kg2 Rxh4 50. Kg3 Rh6 51. Rc2 Kd4 52. e5 Kd3 53.
Rxc3+ Kxc3 54. Kf4 Kd4 55. Kf5 Kd5 0-1

[Event "Vereinsmeisterschaft 2017/18"]
[Site "?"]
[Date "2018.02.01"]
[Round "4"]
[White "Wirtz, Frank"]
[Black "Wirtz, Uwe"]
[Result "1/2-1/2"]
[WhiteElo "1887"]
[BlackElo "1861"]
[PlyCount "39"]
[SourceVersionDate "2013.08.16"]

1. Nf3 d5 2. c4 e6 3. e3 Nf6 4. b3 Be7 5. Bb2 c6 6. Nc3 Nbd7 7. d4 O-O 8. Bd3
b6 9. O-O Bb7 10. Ne5 Nxe5 11. dxe5 Nd7 12. f4 g6 13. cxd5 cxd5 14. Ne2 Nc5 15.
Bc2 Rc8 16. Nd4 Ne4 17. Qg4 Qd7 18. Rac1 Bb4 19. Bxe4 dxe4 20. Qe2 1/2-1/2

[Event "Vereinsmeisterschaft 2017/18"]
[Site "?"]
[Date "2018.02.01"]
[Round "4"]
[White "Schmitz, Andreas"]
[Black "Birnkott, Manfred"]
[Result "1/2-1/2"]
[WhiteElo "1910"]
[BlackElo "1829"]
[PlyCount "70"]
[SourceVersionDate "2013.08.16"]

1. Nf3 d5 2. c4 e6 3. e3 Nf6 4. b3 Be7 5. Bb2 Nbd7 6. cxd5 exd5 7. Qc2 O-O 8.
Be2 c5 9. d4 b6 10. O-O Bb7 11. dxc5 bxc5 12. Nbd2 Rc8 13. Rac1 Ne4 14. Nxe4
dxe4 15. Nd2 Bf6 16. Nc4 Bxb2 17. Qxb2 Nb6 18. Rcd1 Qe7 19. Nd6 Rc6 20. Nxb7
Qxb7 21. Qe5 Rc7 22. Rc1 Nd7 23. Qf4 Nf6 24. Rfd1 Rd7 25. Rxd7 Qxd7 26. Rd1 Qb7
27. Bc4 a5 28. Qd6 Qb4 29. Qe7 h6 30. h3 Qb6 31. Rd6 Qb8 32. Bxf7+ Rxf7 33.
Rd8+ Kh7 34. Rxb8 Rxe7 35. Rb5 Ra7 1/2-1/2

[Event "Vereinsmeisterschaft 2017/18"]
[Site "?"]
[Date "2018.02.01"]
[Round "4"]
[White "Blomeyer, Peter"]
[Black "Hoffmann, Frank"]
[Result "1/2-1/2"]
[WhiteElo "1794"]
[BlackElo "1796"]
[PlyCount "60"]
[SourceVersionDate "2013.08.16"]

1. c4 Nf6 2. Nf3 e6 3. g3 c6 4. Bg2 Be7 5. O-O O-O 6. d3 d5 7. b3 Nbd7 8. Bb2
Re8 9. Nbd2 Nf8 10. a3 a5 11. Ra2 N6d7 12. Qa1 Bf6 13. b4 Bxb2 14. Qxb2 Qf6 15.
Rb1 Qxb2 16. Rbxb2 f6 17. e3 Ng6 18. b5 Nc5 19. Ne1 Ne7 20. a4 e5 21. cxd5 cxd5
22. Rc2 Ne6 23. Nb3 b6 24. Rc1 Bb7 25. Rac2 Rac8 26. Kf1 Kf7 27. Ke2 Rxc2+ 28.
Rxc2 Rc8 29. h4 Rxc2+ 30. Nxc2 g6 1/2-1/2

[Event "Vereinsmeisterschaft 2017/18"]
[Site "?"]
[Date "2018.02.01"]
[Round "4"]
[White "Sockel, Karl-Heinz"]
[Black "Mizich, Vadim"]
[Result "0-1"]
[WhiteElo "1903"]
[BlackElo "1310"]
[PlyCount "101"]
[SourceVersionDate "2013.08.16"]

1. c4 e5 2. g3 Nc6 3. Bg2 Nf6 4. Nc3 Bc5 5. e3 d6 6. Nge2 Bf5 7. d3 Qd7 8. h3
h5 9. a3 Rb8 10. b4 Bb6 11. Bb2 O-O 12. Ng1 Rfe8 13. Nd5 Nxd5 14. cxd5 Ne7 15.
e4 Bg6 16. Ne2 Rbc8 17. O-O c6 18. d4 exd4 19. Nxd4 Bxd4 20. Qxd4 f6 21. f4
cxd5 22. e5 dxe5 23. fxe5 Nf5 24. Qxd5+ Qxd5 25. Bxd5+ Kh7 26. Be4 Nxg3 27.
Bxg6+ Kxg6 28. Rf3 Ne2+ 29. Kf1 Rc2 30. Rb1 fxe5 31. Re3 Rf8+ 32. Ke1 Nd4 33.
Rg3+ Kh7 34. Bxd4 exd4 35. Rd1 Rff2 36. Rxd4 Rh2 37. Rg1 Rxh3 38. Rd7 Rc1+ 39.
Kf2 Rxg1 40. Kxg1 Rxa3 41. Rxb7 Kh6 42. Rb5 g5 43. Rc5 h4 44. Kg2 Kh5 45. b5
Kg4 46. Rc4+ Kh5 47. Rc2 Rg3+ 48. Kh2 Kg4 49. Rc4+ Kf3 50. Rc3+ Kf4 51. Ra3 0-1

[Event "Vereinsmeisterschaft 2017/18"]
[Site "?"]
[Date "2018.02.01"]
[Round "4"]
[White "Nölle, Lisa"]
[Black "Düster, Frank"]
[Result "0-1"]
[WhiteElo "865"]
[BlackElo "1725"]
[PlyCount "72"]
[SourceVersionDate "2013.08.16"]

1. d4 Nf6 2. Nc3 d5 3. Bf4 e6 4. Nf3 Bb4 5. a3 Ba5 6. b4 Bb6 7. e3 c6 8. Bd3 a5
9. O-O Nh5 10. Ne2 O-O 11. c3 Nxf4 12. Nxf4 Bc7 13. Ne5 Bxe5 14. dxe5 Qg5 15.
Qh5 Qxh5 16. Nxh5 b6 17. f4 Ba6 18. Bxa6 Nxa6 19. Rf3 Nc7 20. Raf1 axb4 21.
axb4 Ra3 22. Rg3 Ne8 23. Nf6+ Nxf6 24. exf6 g6 25. Rc1 Rfa8 26. c4 Rb3 27. cxd5
cxd5 28. h3 Rxb4 29. e4 Rxe4 30. Rgc3 h6 31. Rc8+ Rxc8 32. Rxc8+ Kh7 33. Rf8
Rxf4 34. Rxf7+ Kg8 35. Rg7+ Kf8 36. Rxg6 Kf7 0-1

[Event "Vereinsmeisterschaft 2017/18"]
[Site "?"]
[Date "2018.02.01"]
[Round "4"]
[White "Balduan, Karl-Heinz"]
[Black "Weißenfels, Siegfried"]
[Result "0-1"]
[WhiteElo "1553"]
[BlackElo "1327"]
[PlyCount "86"]
[SourceVersionDate "2013.08.16"]

1. d4 g6 2. Nf3 Bg7 3. Bf4 d6 4. c3 Nf6 5. Nbd2 b6 6. e3 Bb7 7. Be2 O-O 8. O-O
Nbd7 9. Bg3 c5 10. h3 cxd4 11. cxd4 Rc8 12. Ng5 h6 13. Ngf3 Ne4 14. Nxe4 Bxe4
15. Bd3 Bb7 16. Qe2 Nf6 17. b3 Qd7 18. Rac1 Ne4 19. Bxe4 Bxe4 20. Nd2 Qb7 21.
f3 Bc6 22. Kh1 a6 23. Rfd1 Rc7 24. Qf2 Rfc8 25. e4 Bb5 26. Rxc7 Rxc7 27. Nb1
Qc8 28. a4 Bd7 29. Na3 Rc3 30. Qb2 b5 31. axb5 axb5 32. Nc4 Rxc4 33. bxc4 bxc4
34. Be1 Qa6 35. Ra1 Qb5 36. Qxb5 Bxb5 37. Bc3 f6 38. Ra5 Be8 39. d5 f5 40. Bxg7
Kxg7 41. Ra3 Kf6 42. Kg1 g5 43. Re3 f4 0-1

[Event "Vereinsmeisterschaft 2017/18"]
[Site "?"]
[Date "2018.02.01"]
[Round "4"]
[White "Nölle, Michael"]
[Black "Azadov, Vasif"]
[Result "0-1"]
[WhiteElo "1321"]
[BlackElo "1384"]
[PlyCount "33"]
[SourceVersionDate "2013.08.16"]

1. e4 e6 2. f4 d5 3. Nc3 Nf6 4. Qf3 Bb4 5. e5 Bxc3 6. bxc3 Ne4 7. Bb2 Bd7 8. d3
Nc5 9. Ba3 b6 10. Bxc5 bxc5 11. d4 cxd4 12. cxd4 c6 13. Bd3 Qa5+ 14. Ke2 Qc3
15. Nh3 c5 16. Rab1 Nc6 17. Rb3 0-1

[Event "Vereinsmeisterschaft 2017/18"]
[Site "?"]
[Date "2018.03.22"]
[Round "5"]
[White "Röttgers, Roland"]
[Black "Wirtz, Frank"]
[Result "0-1"]
[WhiteElo "1742"]
[BlackElo "1887"]
[PlyCount "64"]
[SourceVersionDate "2013.08.16"]

1. Nf3 d6 2. d4 g6 3. c4 Bg7 4. Nc3 Nf6 5. e4 O-O 6. Be2 Nc6 7. O-O Bg4 8. Be3
Bxf3 9. Bxf3 e5 10. d5 Ne7 11. Qd2 Ne8 12. Bh6 f5 13. Bxg7 Nxg7 14. Be2 f4 15.
b4 g5 16. c5 Ng6 17. cxd6 cxd6 18. Qd1 Nh4 19. Bg4 Kh8 20. g3 Ng6 21. Rc1 a6
22. Qe2 Qf6 23. Na4 f3 24. Qe3 h5 25. Bd7 Rad8 26. Nb6 Rf7 27. Ba4 Ne6 28. Nd7
Qe7 29. h4 Nd4 30. Rc4 b5 31. Rxd4 Qxd7 32. Rd3 Qh3 0-1